Les personnages de Fort Boyard - Statistiques

Statistiques générales
  • Ce quiz a été pris 316 fois
  • Le résultat moyen est 22 sur 66
Statistiques - réponses
Hint Réponse % Correct
Femme(s) Maîtresse des fauves Félindra
85%
Homme(s) * Sonneur de gong chauve La Boule
85%
Homme(s) Le bien nommé détenteur des clés Passe-partout
84%
Homme(s) Messager du Père Fouras Passe-muraille
82%
Homme(s) Poseur d'énigmes à barbe blanche Père Fouras
78%
Homme(s) Cuisinier loufoque du fort Chef {Willy}
75%
Femme(s) Princesse de la salle du jugement Blanche
74%
Femme(s) Lutteuse Lady Boo
74%
Femme(s) Princesse déchue qui dirige la cage Rouge
74%
Homme(s) Geôlier depuis 2020 Big Boo
72%
Homme(s) * Lutteur lors de l'épreuve des cotons-tiges Mister Boo
69%
Homme(s) Jeune lutteur Little Boo
68%
Homme(s) * Conduisait les candidats en vigie et manipulait le sablier Passe-temps
63%
Homme(s) Présentateur de Slaïme ressemblant à Ken Cyril Gossbo
57%
Mystérieux Partenaires de jeu {Maitres} du temps
49%
Mystérieux * Trappeur canadien Gary Boo
48%
Homme(s) * Poète troubabour {Narcisse} Lalanne
44%
Divers * Groupe de jeunes {Enfants} du fort
40%
Mystérieux * Super héros qui veut "voler le vieux Père Fouras" Mégagaf
40%
Guests stars * 1er animateur retrouvé sous la poussière Patrice Laffont
40%
Guests stars * Magicien et humoriste Eric Antoine
38%
Guests stars * Nageur quintuple champion du monde en dos Camille Lacourt
35%
Guests stars * Ancienne miss France qui a aussi été un double personnage Delphine Wespiser
35%
Mystérieux N'apparait que sur des écrans Luciole
33%
Guests stars * Danseuse de DALS dite la Tigresse Fauve Hautot
32%
Homme(s) * Neveu du Père Fouras Eric Fouras
30%
Guests stars * Frères jumeaux d'origine russe Les {frères} {Bogdanoff}
30%
Femme(s) * Jeune femme nue portant un indice sur le corps Ariane
29%
Mystérieux Personnage loufouque Le pirate {Jaba}
29%
Mystérieux * Génie apparu dans une lampe Magik
28%
Divers * Organisent un bal Les {Bodin's}
26%
Mystérieux Maître des rats Ratman
25%
Femme(s) * Se trouvait dans un sarcophage Femme {coupée}
24%
Homme(s) * Magicien qui défie les candidats Le magicien {Vincent}
24%
Guests stars * Animateur de télévision habitué à jouer au grand frère Pascal Soetens
24%
Femme(s) * Lutteuse dans la boue ou avec les cotons-tiges Pénélope {Gadoue}
24%
Guests stars * Danseur de breakdance Brahim Zaibat
22%
Mystérieux Permet de gagner des barreaux Bohémienne
20%
Mystérieux * Chevalier en armure Chevalier du {fort}
20%
Femme(s) * Maîtresse des couleurs Lumineuse
20%
Guests stars * Footballeur, ancien gardien de but dit Captain... Pascal Olmeta
20%
Homme(s) * 1er sonneur de gong Sumo
20%
Mystérieux * Femme masquée dont l'identité doit être devinée La {guerrière} {mystère}
19%
Guests stars * Nageur quintuple champion du monde en sprint Frédéric Bousquet
18%
Mystérieux * Homme masqué dont l'identité doit être devinée Le {guerrier} {mystère}
18%
Guests stars * Comédienne et humoriste dite la Spartiate Ariane Brodier
17%
Homme(s) * Posait un casse-tête aux candidats Maître {Tchan}
17%
Femme(s) * Blonde décapitée Femme {sans tête}
15%
Femme(s) * Personnages du jeu de colin-maillard Femmes en {noir}
15%
Animal * Chien de La Boule Samson
15%
Femme(s) * Jeune femme farouche Sauvageonne
15%
Mystérieux Deux personnages à reconnaître {Jokers} mystères
12%
Homme(s) * Remplaçant gradé de la dresseuse de fauves Major
12%
Guests stars * Ancien candidat de Koh Lanta dit l'Aventurier Moundir Zoughari
12%
Femme(s) * Jeune sirène Naïade
12%
Homme(s) * Dresseur d'araignées {Professeur} Demazure
12%
Guests stars * Basketteur, champion de la NBA avec Miami Ronny Turiaf
12%
Homme(s) * Premier dresseur des fauves Mike
11%
Homme(s) * Présent dans la réserve où se déroulait l'épreuve des boites de conserve Cuisinier
10%
Homme(s) * Posait des questions mathématiques complexes Professeur {désagrégé}
10%
Homme(s) * Homme fort du Bras de fer Bras {d'acier}
9%
Femme(s) * Concurrente des candidats sur le pont de singe Gymnaste
9%
Mystérieux Seul partenaire de jeu parlant Le {Chasseur}
9%
Guests stars * Humoriste et animateur Kevin Razy
6%
Homme(s) * Spécialiste du bonneteau Mister {Réflexe}
5%
Mystérieux * Squelette effrayant Revenant
5%
Aucun quiz correspondant
Distribution des résultats
% des personnes avec chaque résultat
Percentile par nombre de réponses
Votre historique - résultats
Vous n’avez pas pris ce quiz